000 01163 a2200205 4500
001 25203
005 20260407155535.0
008 260407a1955 arg spa d
003 AR-UNSa-BCEJYS
040 _aAR-UNSa-BCEJYS
_bspa
_cAR-UNSa-BCEJYS
080 _a519.2
_xProbabilidades y estadística matemática
245 1 0 _aIntroducción a la teoría de la estadística
264 1 _aMadrid :
_bAguilar
_c1955
300 _axix, 437 p.
_c21 cm.
505 _a1. Introducción - 2. Probabilidad y métods combinatorios - 3. Distribuciones discretas - 4. Distribuciones de variables continuas - 5. Valores esperados y momentos - 6. Distribuciones continuas especiales - 7. Muestreo - 8. Estimación puntual - 9. Distribución normal multivariante - 10. Distribuciones en el muestreo - 11. Estimación por intervalos - 12. Docimasia de hipótesis - 13. Regresión e hipótesis lineales - 14. Diseños experimenatles y análisis de la varianza - 15. Dócima sucesionales de hipótesis - 16. Métodos a libre distribución.
942 _cBK
590 _aniveau_biblio:m niveau_hierar:0
100 1 _aMood, Alexander McFarlane
700 1 _aAzorín Poch, Francisco
999 _c1313
_d1313